| 000 | 00574nas a2200229 i 4500 | ||
|---|---|---|---|
| 001 | 2958 | ||
| 003 | ES-MaACL | ||
| 005 | 20250217134816.0 | ||
| 007 | t| | ||
| 008 | 070604d19041940it m| | 0 ||ta d | ||
| 080 | _a(45) | ||
| 080 | _a05 | ||
| 245 | 0 | 0 |
_aVarietas _b: rivista mensile illustrata. |
| 260 |
_aMilano : _b[s.n.], _c1904- |
||
| 300 |
_av. ; _c24 cm. |
||
| 310 | _aMensual | ||
| 362 | 0 | _a1904- | |
| 650 | 1 | 4 |
_aRevistas de información general. _916896 |
| 852 |
_aES-MaACL _j1692-F-25 |
||
| 866 | 0 | _oSolo n 7, 1 de julio de 1925. | |
| 999 |
_c2958 _d2958 |
||